000
00252nam a2200109Ia 4500
008
190919s9999||||xx |||||||||||||| ||und||
100
_a
Ricky W.Grffin
245
0
_a
Business
260
_a
New Delhi
_b
McGraw Hill
_c
1999
300
_a
475
942
_c
BK
999
_c
10566
_d
10566